[Event "Moscow Ivi GP"]
[Site "Moscow"]
[Date "2024.10.12"]
[Round "10"]
[White "Kononenko, Dmitry1"]
[Black "Erzhanov, Arman"]
[Result "1-0"]
[WhiteElo "2220"]
[BlackElo "2114"]
[PlyCount "67"]
[EventDate "2024.10.05"]
[EventType "swiss"]
[EventRounds "10"]
[EventCountry "RUS"]
[SourceTitle "CB45_2024"]
[Source "ChessBase"]
[SourceDate "2024.11.06"]
[SourceVersion "1"]
[SourceVersionDate "2024.11.06"]
[SourceQuality "1"]

1. d4 d6 2. e4 Nf6 3. Nc3 e5 4. Nf3 Nbd7 5. h3 Be7 6. g4 0-0 7. Be2 c6 8. g5 Ne8 9. a4 Nc7 10. h4 Ne6 11. Be3 c5 12. dxe5 dxe5 13. Nd5 Nd4 14. c3 Nxf3+ 15. Bxf3 Nb6 16. a5 Nxd5 17. exd5 Bd6 18. Be4 f5 19. gxf6 Qxf6 20. Qc2 Bf5 21. Bxf5 Qxf5 22. Qxf5 Rxf5 23. Ke2 Raf8 24. Ra4 Rh5 25. Rd1 Rf7 26. Rc4 b6 27. b4 cxb4 28. cxb4 bxa5 29. bxa5 Rd7 30. a6 Kf7 31. f3 g5 32. Bxg5 Be7 33. Be3 Bxh4 34. Rh1 1-0

[Event "Titled Tuesday intern op 24th Sep Late"]
[Site "Chess.com INT"]
[Date "2024.09.24"]
[Round "7"]
[White "Garrido, Denis"]
[Black "Erzhanov, Arman"]
[Result "0-1"]
[WhiteElo "2230"]
[BlackElo "2114"]
[PlyCount "64"]
[EventDate "2024.09.24"]
[EventType "swiss (blitz)"]
[EventRounds "11"]
[EventCountry "USA"]
[SourceTitle "EXT 2025"]
[Source "ChessBase"]
[SourceDate "2024.10.14"]
[SourceVersion "1"]
[SourceVersionDate "2024.10.14"]
[SourceQuality "1"]

1. d4 d6 2. e4 g6 3. Nc3 Nf6 4. Be3 Bg7 5. h3 a6 6. Nf3 b5 7. Bd3 Bb7 8. e5 Nd5 9. Nxd5 Bxd5 10. a4 b4 11. 0-0 0-0 12. Re1 Nd7 13. exd6 exd6 14. Qe2 a5 15. Bc4 Nb6 16. Bxd5 Nxd5 17. Bg5 Qd7 18. Qc4 Nb6 19. Qb3 Rfe8 20. c3 Rxe1+ 21. Rxe1 Qxa4 22. Qxa4 Nxa4 23. cxb4 axb4 24. b3 Nc3 25. Re7 Nb5 26. Bd2 Nxd4 27. Nxd4 Bxd4 28. Rxc7 Bc5 29. Rb7 Ra1+ 30. Kh2 Rb1 31. Rxb4 Bxb4 32. Bxb4 d5 0-1

[Event "Titled Tuesday intern op 24th Sep Late"]
[Site "Chess.com INT"]
[Date "2024.09.24"]
[Round "1"]
[White "Ward, Ieuan C"]
[Black "Erzhanov, Arman"]
[Result "0-1"]
[WhiteElo "2043"]
[BlackElo "2114"]
[PlyCount "116"]
[EventDate "2024.09.24"]
[EventType "swiss (blitz)"]
[EventRounds "11"]
[EventCountry "USA"]
[SourceTitle "EXT 2025"]
[Source "ChessBase"]
[SourceDate "2024.10.14"]
[SourceVersion "1"]
[SourceVersionDate "2024.10.14"]
[SourceQuality "1"]

1. d4 d6 2. c4 e5 3. Nf3 e4 4. Nfd2 f5 5. e3 Nf6 6. Nc3 g6 7. f3 Bh6 8. Nb3 0-0 9. Be2 exf3 10. Bxf3 Re8 11. Qd3 Qe7 12. Nd1 f4 13. 0-0 fxe3 14. Re1 Bf5 15. Qe2 Nc6 16. Bxe3 Bxe3+ 17. Nxe3 Be4 18. Ng4 Nxg4 19. Qxe4 Qxe4 20. Rxe4 Rxe4 21. Bxe4 Ne3 22. Rc1 Re8 23. Bxc6 bxc6 24. Na5 c5 25. dxc5 dxc5 26. b3 Nf5 27. Nb7 Re2 28. Kf1 Rxa2 29. Re1 Nd4 30. Re3 Rb2 31. Nxc5 a5 32. Re8+ Kf7 33. Ra8 Nxb3 34. Nxb3 Rxb3 35. Rxa5 Ke6 36. Rc5 Kd6 37. Rd5+ Kc6 38. Rd4 Rb2 39. h3 Rc2 40. Rh4 h5 41. g4 Rxc4 42. Kg2 Kb5 43. Kg3 c5 44. gxh5 Rxh4 45. Kxh4 gxh5 46. Kxh5 c4 47. Kg6 c3 48. h4 c2 49. h5 c1Q 50. h6 Qg1+ 51. Kh7 Qh2 52. Kg7 Qg3+ 53. Kh8 Qe5+ 54. Kg8 Qe8+ 55. Kg7 Qe7+ 56. Kg8 Qg5+ 57. Kh7 Kc6 58. Kh8 Qxh6+ 0-1

[Event "Titled Tuesday intern op 17th Sep Late"]
[Site "Chess,com INT"]
[Date "2024.09.17"]
[Round "1"]
[White "Chassard, Cedric"]
[Black "Erzhanov, Arman"]
[Result "1-0"]
[WhiteElo "2289"]
[BlackElo "2114"]
[PlyCount "205"]
[EventDate "2024.09.17"]
[EventType "swiss (blitz)"]
[EventRounds "11"]
[EventCountry "USA"]
[SourceTitle "EXT 2025"]
[Source "ChessBase"]
[SourceDate "2024.10.14"]
[SourceVersion "1"]
[SourceVersionDate "2024.10.14"]
[SourceQuality "1"]

1. a3 d6 2. e4 e5 3. Nf3 Nf6 4. Nc3 Be7 5. Bc4 0-0 6. 0-0 c6 7. d3 b5 8. Ba2 a6 9. h3 Re8 10. Nh2 Bf8 11. f4 Nbd7 12. Kh1 Bb7 13. f5 d5 14. Qf3 dxe4 15. dxe4 c5 16. Bd5 Nxd5 17. Nxd5 Nf6 18. Nxf6+ Qxf6 19. Ng4 Qc6 20. f6 g6 21. Qe3 Qxe4 22. Nh6+ Bxh6 23. Qxe4 Bxe4 24. Bxh6 c4 25. Rf2 Rad8 26. Re1 Bf5 27. Rfe2 Rd5 28. Bf4 e4 29. g4 Bd7 30. Rxe4 Rxe4 31. Rxe4 Bc6 32. Kh2 g5 33. Be3 h6 34. Rd4 Re5 35. Bd2 Kh7 36. Kg1 Kg6 37. Kf2 Kxf6 38. Bc3 Kg6 39. Rd6+ Re6 40. Rxe6+ fxe6 41. Kg3 Be4 42. h4 Bd3 43. cxd3 cxd3 44. h5+ Kf7 45. Kf3 e5 46. Ke4 Ke6 47. Kxd3 Kd5 48. b3 e4+ 49. Ke3 a5 50. Bg7 a4 51. bxa4 bxa4 52. Bxh6 Kc4 53. Bxg5 Kb3 54. Be7 Ka2 55. Kxe4 Kb3 56. h6 Kc4 57. g5 Kb5 58. g6 Kc6 59. Bb4 Kd7 60. g7 Ke6 61. h7 Kf6 62. g8R Kf7 63. Rg1 Ke6 64. h8R Kd7 65. Rh6 Ke8 66. Rgg6 Kf7 67. Kd5 Ke8 68. Kc4 Kf7 69. Kb5 Ke8 70. Kxa4 Kf7 71. Kb3 Ke8 72. Ka2 Kf7 73. Ka1 Ke8 74. Kb1 Kf7 75. a4 Ke8 76. Kc1 Kf7 77. Kd1 Ke8 78. Ke1 Kf7 79. Kf1 Ke8 80. Kg1 Kf7 81. Kh1 Ke8 82. Kh2 Kf7 83. Kg2 Ke8 84. Kf2 Kf7 85. Ke2 Ke8 86. Kd2 Kf7 87. Kc2 Ke8 88. Kb2 Kf7 89. Ka2 Ke8 90. a5 Kd7 91. Ka3 Kc7 92. Kb3 Kb7 93. Kc3 Ka7 94. Kd3 Kb7 95. Ke3 Ka7 96. Kf3 Kb7 97. Kg3 Kc7 98. Kh3 Kd7 99. Kh4 Ke8 100. Kg4 Kf7 101. Kf4 Ke8 102. Rh7 Kd8 103. Rg8# 1-0

[Event "Titled Tuesday intern op 17th Sep Late"]
[Site "Chess,com INT"]
[Date "2024.09.17"]
[Round "5"]
[White "Erzhanov, Arman"]
[Black "Stachanczyk, Jacek"]
[Result "1/2-1/2"]
[WhiteElo "2114"]
[BlackElo "2076"]
[PlyCount "144"]
[EventDate "2024.09.17"]
[EventType "swiss (blitz)"]
[EventRounds "11"]
[EventCountry "USA"]
[SourceTitle "EXT 2025"]
[Source "ChessBase"]
[SourceDate "2024.10.14"]
[SourceVersion "1"]
[SourceVersionDate "2024.10.14"]
[SourceQuality "1"]

1. e4 c5 2. Nf3 d6 3. Bb5+ Bd7 4. c4 Nf6 5. Nc3 Nc6 6. 0-0 a6 7. Bxc6 Bxc6 8. Re1 g6 9. d4 cxd4 10. Nxd4 Rc8 11. f3 Bg7 12. Be3 0-0 13. Rc1 Qa5 14. b3 b5 15. cxb5 axb5 16. Nxc6 Rxc6 17. Nd5 Nxd5 18. Rxc6 Nxe3 19. Rxe3 Qa7 20. Qd2 Bd4 21. Rcc3 Ra8 22. a4 bxa4 23. bxa4 Qxa4 24. Kf2 Bxe3+ 25. Rxe3 Qc4 26. Re2 Ra3 27. h3 Qc5+ 28. Kg3 h5 29. Kh2 Qe5+ 30. Kh1 Ra1+ 31. Re1 Rxe1+ 32. Qxe1 Qf4 33. Qd1 e6 34. Qd3 Qe5 35. Kg1 d5 36. exd5 exd5 37. Kf2 Qb2+ 38. Kg3 d4 39. Kf4 Kg7 40. g4 h4 41. Ke4 Qh2 42. Qxd4+ Kh7 43. Qf6 Qe2+ 44. Kd5 Qd3+ 45. Kc6 Qc4+ 46. Kd7 Kg8 47. Qxh4 Qd5+ 48. Ke7 Qe6+ 49. Kd8 Qd5+ 50. Kc7 Qxf3 51. Qh6 Qd5 52. Qe3 Kg7 53. g5 Qc4+ 54. Kd6 Qa6+ 55. Kd5 Qb7+ 56. Ke5 Qe7+ 57. Kf4 Qxe3+ 58. Kxe3 f6 59. Kf4 fxg5+ 60. Kxg5 Kh8 61. Kxg6 Kg8 62. Kh6 Kh8 63. Kg6 Kg8 64. Kf6 Kh8 65. Kg5 Kg8 66. Kf5 Kh8 67. Kg4 Kg8 68. Kh4 Kh8 69. Kg5 Kg8 70. Kf6 Kh8 71. Kf7 Kh7 72. Kf6 Kh8 1/2-1/2

[Event "Titled Tuesday intern op 17th Sep Early"]
[Site "Chess,com INT"]
[Date "2024.09.17"]
[Round "7"]
[White "Erzhanov, Arman"]
[Black "Stoimenidis, Dimitrios"]
[Result "1-0"]
[WhiteElo "2114"]
[BlackElo "2231"]
[PlyCount "168"]
[EventDate "2024.09.17"]
[EventType "swiss (blitz)"]
[EventRounds "11"]
[EventCountry "USA"]
[SourceTitle "EXT 2025"]
[Source "ChessBase"]
[SourceDate "2024.10.14"]
[SourceVersion "1"]
[SourceVersionDate "2024.10.14"]
[SourceQuality "1"]

1. e4 c5 2. Nf3 d6 3. Bb5+ Nc6 4. 0-0 Nf6 5. Re1 Bd7 6. c3 e5 7. d4 Qc7 8. d5 Nb8 9. Bxd7+ Nbxd7 10. Nbd2 g6 11. a4 Bg7 12. Nc4 0-0 13. h3 b6 14. Bg5 h6 15. Bd2 a6 16. Na3 Rab8 17. Qe2 Qb7 18. c4 Ne8 19. Nh4 Qc7 20. f3 Qd8 21. Qf2 Bf6 22. g3 Bxh4 23. gxh4 Kh7 24. Kh2 Ng7 25. Qe3 Rh8 26. Qf2 f5 27. Rg1 Qf6 28. Raf1 Rbf8 29. Qg3 Nh5 30. Qe1 Rf7 31. Nc2 Rhf8 32. Ne3 Nf4 33. Ng2 Nxg2 34. Kxg2 a5 35. Kh2 Qg7 36. Qe3 f4 37. Qf2 Nf6 38. Rg2 Nh5 39. Rfg1 Rf6 40. Be1 Qf7 41. Qe2 Rg8 42. Rg4 Qe7 43. b3 Rg7 44. Kg2 Rg8 45. Bf2 Rg7 46. Kf1 Rgf7 47. Ke1 Kg7 48. Kd2 Kf8 49. Rxg6 Rxg6 50. Rxg6 Rg7 51. Rg4 Nf6 52. Rxg7 Qxg7 53. Qf1 Kf7 54. Qh1 Nh5 55. Ke1 Qg6 56. Qf1 Ng3 57. Qg2 Nh5 58. Qg4 Nf6 59. Qe6+ Kg7 60. Qxd6 Qg2 61. Qxe5 Qxf3 62. h5 Qxh5 63. Qxf4 Qxh3 64. e5 Ng4 65. Qg3 Qh5 66. e6 Qe5+ 67. Qxe5+ Nxe5 68. d6 Kf6 69. d7 Nc6 70. Bh4+ Kxe6 71. d8Q Nxd8 72. Bxd8 Ke5 73. Ke2 Kd4 74. Bf6+ Ke4 75. Bd8 Kd4 76. Bf6+ Ke4 77. Kd2 h5 78. Bd8 Kd4 79. Bxb6 h4 80. Bxa5 h3 81. Bc7 Ke4 82. a5 Kf5 83. a6 Ke6 84. a7 Kd7 1-0

[Event "Titled Tuesday intern op 17th Sep Late"]
[Site "Chess,com INT"]
[Date "2024.09.17"]
[Round "10"]
[White "Jodar Arias, Marlon"]
[Black "Erzhanov, Arman"]
[Result "0-1"]
[WhiteElo "2190"]
[BlackElo "2114"]
[PlyCount "158"]
[EventDate "2024.09.17"]
[EventType "swiss (blitz)"]
[EventRounds "11"]
[EventCountry "USA"]
[SourceTitle "EXT 2025"]
[Source "ChessBase"]
[SourceDate "2024.10.14"]
[SourceVersion "1"]
[SourceVersionDate "2024.10.14"]
[SourceQuality "1"]

1. e4 d6 2. d4 Nf6 3. Nc3 c6 4. Nf3 Bg4 5. Be3 e6 6. Qd2 d5 7. Bd3 Bb4 8. exd5 cxd5 9. Ne5 Bh5 10. a3 Ba5 11. b4 Bc7 12. Bb5+ Nfd7 13. f4 a6 14. Bd3 Bg6 15. 0-0 0-0 16. Ne2 Nc6 17. Ng3 Bxd3 18. cxd3 Ne7 19. Rac1 Bb6 20. f5 exf5 21. Nxf5 Nxf5 22. Rxf5 Nxe5 23. dxe5 Bxe3+ 24. Qxe3 d4 25. Qe4 Qd7 26. Rcf1 Rad8 27. h3 Qd5 28. Qf4 Qe6 29. Qe4 Rd5 30. Rc1 g6 31. Rf6 Qxe5 32. Qxe5 Rxe5 33. Rc7 Re3 34. Rxb7 Rxd3 35. Rd7 Rxa3 36. Rxd4 a5 37. bxa5 Rxa5 38. Rd7 Ra3 39. Kf2 Kg7 40. Rf4 Ra2+ 41. Kg1 Ra5 42. Rf3 Ra6 43. Kh2 Re6 44. Kg1 h5 45. Kh2 Re1 46. Kg3 Re5 47. Kf2 Re6 48. Kg3 Rf6 49. Rc3 Re8 50. Rcc7 Re3+ 51. Kh2 Re2 52. Rd3 h4 53. Rd4 g5 54. Rc5 Kh6 55. Rg4 Rg6 56. Rc7 f6 57. Rb4 Rg7 58. Rbb7 Rxc7 59. Rxc7 Kg6 60. Rc6 Kf5 61. Kg1 Re5 62. Kf1 Kf4 63. Rc4+ Re4 64. Rc6 f5 65. Kf2 Ra4 66. Rc2 g4 67. hxg4 fxg4 68. Rb2 g3+ 69. Ke2 Re4+ 70. Kf1 Rd4 71. Ke2 Rc4 72. Kd2 h3 73. gxh3 g2 74. Rb1 Kg3 75. Kd3 Rc8 76. h4 Kxh4 77. Ke3 Rf8 78. Rg1 Kg3 79. Ke4 Kh2 0-1

[Event "Titled Tuesday intern op 17th Sep Early"]
[Site "Chess,com INT"]
[Date "2024.09.17"]
[Round "4"]
[White "Sklokin, Sergey"]
[Black "Erzhanov, Arman"]
[Result "1-0"]
[WhiteElo "2249"]
[BlackElo "2114"]
[PlyCount "123"]
[EventDate "2024.09.17"]
[EventType "swiss (blitz)"]
[EventRounds "11"]
[EventCountry "USA"]
[SourceTitle "EXT 2025"]
[Source "ChessBase"]
[SourceDate "2024.10.14"]
[SourceVersion "1"]
[SourceVersionDate "2024.10.14"]
[SourceQuality "1"]

1. d4 d6 2. c4 e5 3. d5 f5 4. Nc3 Nf6 5. g3 Be7 6. Bg2 0-0 7. e3 Nbd7 8. Nge2 e4 9. 0-0 Ne5 10. b3 Nd3 11. Nf4 Ng4 12. Nxd3 exd3 13. Qxd3 Bf6 14. Bb2 Re8 15. Rfe1 Bd7 16. h3 Ne5 17. Qc2 g6 18. e4 Bg7 19. f4 Nf7 20. Rad1 Qf6 21. Na4 Qd8 22. Bxg7 Kxg7 23. Qb2+ Qf6 24. Qxf6+ Kxf6 25. Nc3 a6 26. Kf2 Re7 27. exf5 gxf5 28. Rxe7 Kxe7 29. Re1+ Kf6 30. a4 b5 31. axb5 axb5 32. Nxb5 Bxb5 33. cxb5 Ra2+ 34. Kg1 Rb2 35. Re3 Nd8 36. Rc3 Nb7 37. Rxc7 Nc5 38. Rxh7 Rxb3 39. Kh2 Rxb5 40. g4 Rb4 41. g5+ Kg6 42. Rh6+ Kg7 43. Rxd6 Rxf4 44. Rc6 Nd3 45. Rc2 Kg6 46. Rd2 Ne5 47. d6 Kxg5 48. d7 Nxd7 49. Rxd7 Rf2 50. Kg3 Rb2 51. h4+ Kf6 52. Bf3 Rb1 53. h5 Rg1+ 54. Kf4 Rf1 55. Rd6+ Ke7 56. Ra6 Kf7 57. h6 Rf2 58. Kg3 Rf1 59. Bd5+ Kf8 60. Ra8+ Ke7 61. h7 Rg1+ 62. Kf2 1-0

[Event "Titled Tuesday intern op 10th Sep Early"]
[Site "Chess,com INT"]
[Date "2024.09.10"]
[Round "2"]
[White "Aravindh, Chithambaram VR"]
[Black "Erzhanov, Arman"]
[Result "1-0"]
[WhiteElo "2698"]
[BlackElo "2114"]
[PlyCount "69"]
[EventDate "2024.09.10"]
[EventType "swiss (blitz)"]
[EventRounds "11"]
[EventCountry "USA"]
[SourceTitle "EXT 2025"]
[Source "ChessBase"]
[SourceDate "2024.10.14"]
[SourceVersion "1"]
[SourceVersionDate "2024.10.14"]
[SourceQuality "1"]

1. c4 d6 2. Nc3 e5 3. g3 f5 4. Bg2 Nf6 5. Nf3 Be7 6. d4 Nbd7 7. h4 0-0 8. b3 Qe8 9. Bb2 Qg6 10. dxe5 dxe5 11. h5 Nxh5 12. Nd5 Bd6 13. Nxe5 Nxe5 14. Bxe5 Rf7 15. Bxd6 cxd6 16. e3 Nf6 17. Nf4 Qg5 18. Qxd6 Ne4 19. Qe5 Qd8 20. Rd1 Qb6 21. g4 Bd7 22. gxf5 Re8 23. Qd4 Qa5+ 24. Kf1 Bxf5 25. Rh5 Qxa2 26. Bxe4 Bxe4 27. Re5 Ref8 28. Qxe4 Qxb3 29. Qd5 Qc2 30. Re7 g6 31. Rxb7 a5 32. Rxf7 Rxf7 33. Ra1 a4 34. Qd3 g5 35. Qxc2 1-0

[Event "Titled Tuesday intern op 10th Sep Early"]
[Site "Chess,com INT"]
[Date "2024.09.10"]
[Round "10"]
[White "Erzhanov, Arman"]
[Black "Myagmarsuren, Evsuld"]
[Result "0-1"]
[WhiteElo "2114"]
[BlackElo "2149"]
[PlyCount "164"]
[EventDate "2024.09.10"]
[EventType "swiss (blitz)"]
[EventRounds "11"]
[EventCountry "USA"]
[SourceTitle "EXT 2025"]
[Source "ChessBase"]
[SourceDate "2024.10.14"]
[SourceVersion "1"]
[SourceVersionDate "2024.10.14"]
[SourceQuality "1"]

1. e4 c5 2. Nf3 d5 3. exd5 Qxd5 4. Nc3 Qd8 5. Bc4 Nf6 6. 0-0 e6 7. Re1 Nc6 8. d3 Be7 9. a4 0-0 10. b3 a6 11. Bb2 Na5 12. Ne5 Nd7 13. Ng4 Nxc4 14. bxc4 Nf6 15. Ne4 Nxe4 16. dxe4 Bd7 17. Re3 Bc6 18. Qe2 Qb6 19. Rb3 Qc7 20. Rg3 f6 21. Nh6+ Kh8 22. Qg4 Bd6 23. e5 Bxe5 24. Bxe5 fxe5 25. Qxe6 gxh6 26. Rd1 Rae8 27. Qxh6 Qf7 28. f3 Rg8 29. Qh4 Rxg3 30. Qxg3 e4 31. fxe4 Bxe4 32. Rf1 Qg7 33. Qf2 Qd4 34. Re1 Qxf2+ 35. Kxf2 Bc6 36. Rb1 Re7 37. g3 Bxa4 38. c3 Bc6 39. Ra1 Kg7 40. Ra5 Re5 41. g4 h5 42. h3 h4 43. Ra1 Re4 44. Rd1 Rxc4 45. Rd3 Re4 46. Rd6 c4 47. Rd8 Rf4+ 48. Ke2 Rf3 49. Rd4 Rxc3 50. g5 Rxh3 51. Rxc4 Rg3 52. Rxh4 Rxg5 53. Rb4 Rd5 54. Ke3 Kf6 55. Rb1 Ke6 56. Rg1 Kd6 57. Rg6+ Kc5 58. Rg1 a5 59. Rc1+ Kb6 60. Rb1+ Rb5 61. Ra1 a4 62. Kd4 Rb4+ 63. Kc3 Rh4 64. Rb1+ Ka5 65. Rg1 Rh3+ 66. Kb2 b5 67. Rg6 Bd5 68. Rg5 Rh2+ 69. Ka1 Bc4 70. Rg8 Kb4 71. Rg3 a3 72. Rg1 Rf2 73. Rb1+ Ka4 74. Rc1 b4 75. Kb1 Bd3+ 76. Ka1 Rf1 77. Rxf1 Bxf1 78. Kb1 b3 79. Ka1 b2+ 80. Ka2 Bc4+ 81. Kb1 Bd3+ 82. Ka2 b1Q# 0-1

[Event "Titled Tuesday intern op 10th Sep Early"]
[Site "Chess,com INT"]
[Date "2024.09.10"]
[Round "4"]
[White "Kamsky, Gata"]
[Black "Erzhanov, Arman"]
[Result "1-0"]
[WhiteElo "2609"]
[BlackElo "2114"]
[PlyCount "83"]
[EventDate "2024.09.10"]
[EventType "swiss (blitz)"]
[EventRounds "11"]
[EventCountry "USA"]
[SourceTitle "EXT 2025"]
[Source "ChessBase"]
[SourceDate "2024.10.14"]
[SourceVersion "1"]
[SourceVersionDate "2024.10.14"]
[SourceQuality "1"]

1. e4 d6 2. d4 Nf6 3. Nc3 c6 4. Nf3 Bg4 5. Be2 e6 6. 0-0 d5 7. e5 Nfd7 8. Ng5 Bxe2 9. Nxe2 c5 10. c3 cxd4 11. cxd4 h6 12. Nf3 Nc6 13. Nf4 Qb6 14. Be3 Be7 15. Qe2 0-0 16. Rfc1 Rac8 17. h4 Na5 18. b3 Ba3 19. Rxc8 Rxc8 20. Rd1 Qa6 21. Nd3 Nc6 22. Nfe1 Nb4 23. Qg4 Kh8 24. Qh5 Kg8 25. Bxh6 gxh6 26. Qxh6 Rc3 27. Nf4 Nc6 28. Qg5+ Kh7 29. Nf3 Rxf3 30. Qh5+ Kg8 31. Qxf3 Bf8 32. Qg4+ Kh7 33. Rd3 Qxa2 34. Qh5+ Kg8 35. Rg3+ Bg7 36. Qg5 Qb1+ 37. Kh2 Qh7 38. Nh5 Nxd4 39. Nxg7 Qg6 40. Qd8+ Kxg7 41. Rxg6+ Kxg6 42. Qxd7 1-0

[Event "Titled Tuesday intern op 03rd Sep Early"]
[Site "Chess.com INT"]
[Date "2024.09.03"]
[Round "5"]
[White "Erzhanov, Arman"]
[Black "Preobrazhenskaya, Diana"]
[Result "1-0"]
[WhiteElo "2114"]
[BlackElo "2068"]
[PlyCount "123"]
[EventDate "2024.09.03"]
[EventType "swiss (blitz)"]
[EventRounds "11"]
[EventCountry "USA"]
[SourceTitle "EXT 2025"]
[Source "ChessBase"]
[SourceDate "2024.10.14"]
[SourceVersion "1"]
[SourceVersionDate "2024.10.14"]
[SourceQuality "1"]

1. e4 c5 2. Nf3 d6 3. Bb5+ Bd7 4. Bxd7+ Qxd7 5. 0-0 Nf6 6. Re1 Nc6 7. c3 e6 8. d4 cxd4 9. cxd4 d5 10. e5 Ne4 11. Nbd2 Nxd2 12. Bxd2 Bb4 13. Rc1 Bxd2 14. Qxd2 h6 15. Rc3 0-0 16. h4 Ne7 17. Rec1 Rac8 18. g3 Rxc3 19. Rxc3 Rc8 20. Kg2 Nc6 21. Qc2 g6 22. h5 Kg7 23. Qd2 Ne7 24. hxg6 fxg6 25. Qc1 Rxc3 26. Qxc3 Qc6 27. Qa5 Qb6 28. Qa4 Nc6 29. b3 g5 30. g4 Qb4 31. Qxb4 Nxb4 32. a4 Kg6 33. Kf1 h5 34. gxh5+ Kxh5 35. Ke2 g4 36. Ne1 Kg5 37. Ke3 Kf5 38. Ng2 Nc2+ 39. Kd3 Nb4+ 40. Kc3 Nc6 41. b4 b6 42. b5 Na5 43. Ne3+ Kf4 44. Kd3 Nb7 45. Nc2 Kf3 46. Ne3 Kxf2 47. Nxg4+ Kf3 48. Nf6 Kf4 49. Nd7 Na5 50. Nb8 Nb3 51. Nc6 Nc1+ 52. Kd2 Nb3+ 53. Kc3 Nc1 54. Nxa7 Ne2+ 55. Kd3 Kf3 56. Nc8 Nf4+ 57. Kc3 Ne2+ 58. Kb4 Nxd4 59. Nxb6 Kf4 60. a5 Kxe5 61. a6 Nf5 62. a7 1-0

[Event "Titled Tuesday intern op 03rd Sep Early"]
[Site "Chess.com INT"]
[Date "2024.09.03"]
[Round "7"]
[White "Erzhanov, Arman"]
[Black "Shirov, Alexei"]
[Result "0-1"]
[WhiteElo "2114"]
[BlackElo "2666"]
[PlyCount "86"]
[EventDate "2024.09.03"]
[EventType "swiss (blitz)"]
[EventRounds "11"]
[EventCountry "USA"]
[SourceTitle "EXT 2025"]
[Source "ChessBase"]
[SourceDate "2024.10.14"]
[SourceVersion "1"]
[SourceVersionDate "2024.10.14"]
[SourceQuality "1"]

1. e4 e5 2. Nf3 Nc6 3. Bc4 Nf6 4. d3 Bc5 5. 0-0 0-0 6. c3 d5 7. exd5 Nxd5 8. Re1 Bg4 9. h3 Bh5 10. g4 Bg6 11. Nxe5 Nxe5 12. Rxe5 Qh4 13. d4 Bd6 14. Bxd5 Bxe5 15. dxe5 Rad8 16. Qf3 h5 17. g5 Rfe8 18. e6 fxe6 19. Bb3 Rd3 20. Be3 Be4 21. Qf4 Qxf4 22. Bxf4 Rxh3 23. f3 Bxf3 24. Nd2 Rh1+ 25. Kf2 Rxa1 26. Nxf3 Kf7 27. Ne5+ Ke7 28. Ng6+ Kd7 29. Ne5+ Kd8 30. g6 Rf8 31. Kg3 Rg1+ 32. Kh2 Rxf4 33. Kxg1 Ke7 34. Kg2 Kf6 35. Nd3 Rg4+ 36. Kf3 Rxg6 37. Nf4 Rg1 38. Nxe6 h4 39. Nxc7 h3 40. Nd5+ Ke5 41. Ne3 h2 42. Ng4+ Rxg4 43. Kxg4 h1Q 0-1

[Event "Titled Tuesday intern op 27th Aug Late"]
[Site "Chess.com INT"]
[Date "2024.08.27"]
[Round "3"]
[White "Erzhanov, Arman"]
[Black "Drygalov, Sergey"]
[Result "0-1"]
[WhiteElo "2114"]
[BlackElo "2542"]
[PlyCount "90"]
[EventDate "2024.08.27"]
[EventType "swiss (blitz)"]
[EventRounds "11"]
[EventCountry "USA"]
[SourceTitle "EXT 2025"]
[Source "ChessBase"]
[SourceDate "2024.10.14"]
[SourceVersion "1"]
[SourceVersionDate "2024.10.14"]
[SourceQuality "1"]

1. e4 c5 2. Nf3 d6 3. Bb5+ Nd7 4. c3 a6 5. Ba4 Ngf6 6. Qe2 b5 7. Bc2 e6 8. 0-0 Bb7 9. d4 Be7 10. Re1 0-0 11. Nbd2 Rc8 12. Nf1 Qc7 13. Bd3 cxd4 14. cxd4 d5 15. e5 Ne4 16. Ng3 f5 17. exf6 Ndxf6 18. Ng5 Qd7 19. f3 Rxc1 20. Raxc1 Nxg5 21. h4 Nf7 22. Qxe6 Bb4 23. Re2 Qxe6 24. Rxe6 Nd8 25. Re2 g6 26. h5 Bd6 27. Kf2 Bf4 28. Rc5 Bd6 29. Rc1 Kg7 30. hxg6 hxg6 31. Nf1 Nc6 32. Rec2 Nxd4 33. Rc3 b4 34. Rc7+ Bxc7 35. Rxc7+ Rf7 36. Rc5 Ne6 37. Rc2 Nf4 38. Be2 d4 39. Bd1 N6d5 40. Rc4 Nd3+ 41. Kg1 Nxb2 42. Rc1 Nc3 43. Bb3 Ne2+ 44. Kf2 Nxc1 45. Bxf7 Kxf7 0-1

[Event "Titled Tuesday intern op 27th Aug Late"]
[Site "Chess.com INT"]
[Date "2024.08.27"]
[Round "5"]
[White "Erzhanov, Arman"]
[Black "Jing, Andrew"]
[Result "1-0"]
[WhiteElo "2114"]
[BlackElo "2141"]
[PlyCount "137"]
[EventDate "2024.08.27"]
[EventType "swiss (blitz)"]
[EventRounds "11"]
[EventCountry "USA"]
[SourceTitle "EXT 2025"]
[Source "ChessBase"]
[SourceDate "2024.10.14"]
[SourceVersion "1"]
[SourceVersionDate "2024.10.14"]
[SourceQuality "1"]

1. e4 c5 2. Nf3 e6 3. b3 d5 4. Bb5+ Bd7 5. Bxd7+ Qxd7 6. exd5 Qxd5 7. 0-0 Nf6 8. Nc3 Qd6 9. Ba3 Qc7 10. d4 a6 11. d5 exd5 12. Nxd5 Nxd5 13. Qxd5 Be7 14. Rae1 0-0 15. Rxe7 Qxe7 16. Bxc5 Rd8 17. Qh5 Qf6 18. Ng5 h6 19. Ne4 Qg6 20. Qxg6 fxg6 21. Bb6 Re8 22. f3 Nd7 23. Bf2 Nf6 24. Nd6 Re7 25. c4 Rd8 26. c5 Re2 27. Nxb7 Rb8 28. c6 Rc2 29. Bg3 Re8 30. c7 Ree2 31. Kh1 Nd5 32. Rd1 Nxc7 33. a4 Red2 34. Re1 Nd5 35. Nd6 Nf6 36. b4 Nh5 37. Be5 Rxg2 38. b5 axb5 39. axb5 Nf6 40. b6 Nd7 41. b7 Rge2 42. Ra1 Rxe5 43. Ra8+ Kh7 44. Ne4 Rxe4 45. fxe4 Rb2 46. Ra7 Ne5 47. Kg1 Nf3+ 48. Kf1 Nxh2+ 49. Ke1 Nf3+ 50. Kd1 Ne5 51. Kc1 Rb6 52. Ra5 Nc6 53. Rd5 Rxb7 54. e5 Nxe5 55. Rxe5 Rd7 56. Re2 h5 57. Kc2 Kh6 58. Re7 h4 59. Rxd7 Kh5 60. Rd1 h3 61. Kd3 Kh4 62. Ke3 h2 63. Rh1 Kh3 64. Kf2 g5 65. Rd1 g4 66. Rd3+ g3+ 67. Rxg3+ Kh4 68. Rxg7 h1N+ 69. Kg2 1-0

[Event "Titled Tuesday intern op 27th Aug Late"]
[Site "Chess.com INT"]
[Date "2024.08.27"]
[Round "2"]
[White "Erzhanov, Arman"]
[Black "Meruga, Shanmukha R"]
[Result "1-0"]
[WhiteElo "2114"]
[BlackElo "1998"]
[PlyCount "111"]
[EventDate "2024.08.27"]
[EventType "swiss (blitz)"]
[EventRounds "11"]
[EventCountry "USA"]
[SourceTitle "EXT 2025"]
[Source "ChessBase"]
[SourceDate "2024.10.14"]
[SourceVersion "1"]
[SourceVersionDate "2024.10.14"]
[SourceQuality "1"]

1. e4 c5 2. Nf3 Nc6 3. Bb5 e6 4. b3 a6 5. Bxc6 bxc6 6. d3 d5 7. 0-0 Nf6 8. e5 Nd7 9. c4 a5 10. Nc3 Be7 11. Na4 0-0 12. Re1 f6 13. Bb2 f5 14. Rc1 Nb6 15. Nxb6 Qxb6 16. a4 Rb8 17. Nd2 Bd7 18. Bc3 d4 19. Ba1 Be8 20. f4 Bg6 21. Bb2 Qd8 22. Rb1 Qe8 23. Ba3 Bh5 24. Qc2 g5 25. fxg5 Qg6 26. Nf3 Bxf3 27. gxf3 Qxg5+ 28. Qg2 Qxg2+ 29. Kxg2 Kf7 30. Rg1 Rb7 31. Rb2 Rfb8 32. Rgb1 Kg6 33. Kf2 Kh5 34. Ke2 f4 35. Kd2 Kg5 36. Kc2 Kf5 37. Rg1 Kxe5 38. Rbb1 Kf6 39. Bc1 e5 40. Bd2 Bd8 41. Rge1 Bc7 42. Rg1 Bd6 43. Bxa5 Rf8 44. Be1 Rff7 45. Bh4+ Ke6 46. Rg8 Be7 47. Bf2 e4 48. dxe4 d3+ 49. Kxd3 Rd7+ 50. Kc2 Bf6 51. Rd1 Bd4 52. Bh4 Rg7 53. Rxg7 Rxg7 54. a5 Rg2+ 55. Rd2 Rg1 56. Bf2 1-0